US States Starting With IOWA - Statistics

General Stats
  • This quiz has been taken 296 times
  • The average score is 14 of 15
Answer Stats
Hint Answer % Correct
I Indiana
98%
I Iowa
98%
O Ohio
97%
A Alabama
95%
W Washington
95%
I Illinois
94%
A Arkansas
93%
O Oregon
93%
W Wyoming
92%
A Alaska
91%
A Arizona
90%
I Idaho
90%
O Oklahoma
89%
W West Virginia
89%
W Wisconsin
89%
No matching quizzes found
Score Distribution
Percent of People with Each Score
Percentile by Number Answered
Your Score History
You have not taken this quiz